Návrh a realizácia riadenia pohybového subsystému autonómneho vozidla

Salvato in:
Dettagli Bibliografici
Autore principale: Nižnan, Adrián (Autore)
Altri autori: Juhás, Martin (Relatore della tesi)
Natura: Manoscritto Libro
Lingua:slovacco
Pubblicazione: 2017
Soggetti:
Accesso online:http://is.stuba.sk/zp/portal_zp.pl?podrobnosti=126253
Tags: Aggiungi Tag
Nessun Tag, puoi essere il primo ad aggiungerne!!

MARC

LEADER 00000ntm a22000003a 4500
001 stuzp60872
003 SK-STU
005 20170610210339.0
007 ta
008 150427s2015----xo-----f-mn---000-0-slo-d
040 |a STU  |b slo 
041 0 |a slo 
100 1 |a Nižnan, Adrián  |u 066000  |k Z4  |4 aut  |U MTF Materiálovotechnologická fakulta  |T MTF Ústav aplikovanej informatiky, automatizácie a mechatroniky  |X 46960  |U M6000  |Y 86  |7 46960 
242 0 1 |a Design and implementation of motion subsystem in autonomous vehicle  |y eng 
245 1 0 |a Návrh a realizácia riadenia pohybového subsystému autonómneho vozidla 
260 |c 2017 
650 4 |a Autonómne riadenie  |2 slo 
650 4 |a Arduino  |2 slo 
650 4 |a Autonómne vozidlo  |2 slo 
650 4 |a Matlab  |2 slo 
650 4 |a Autonomous vehicle  |2 eng 
650 4 |a Matlab  |2 eng 
650 4 |a Arduino  |2 eng 
650 4 |a Autonomous driving  |2 eng 
700 1 |a Juhás, Martin  |u 066000  |k Z1  |4 ths  |U MTF Materiálovotechnologická fakulta  |T MTF Ústav aplikovanej informatiky, automatizácie a mechatroniky  |X 2855  |U M6000  |Y 86  |7 A000002855 
856 4 |u http://is.stuba.sk/zp/portal_zp.pl?podrobnosti=126253 
996 |c M* DP-13351  |l MMSKP  |s P  |a 0  |w stuzp60872_0001